| 000 | 01021cam a2200313Ia 4500 | ||
|---|---|---|---|
| 001 | 46673 | ||
| 005 | 20230411085958.0 | ||
| 008 | 880615s1985 mx a 000 0 spa d | ||
| 035 | _a(OCoLC)ocm18091882 | ||
| 040 |
_aCGP _cCGP |
||
| 020 | _a9684093209 | ||
| 020 | _a9789684093201 | ||
| 035 | _a(OCoLC)18091882 | ||
| 041 | 1 |
_aspa _heng |
|
| 043 | _an-us--- | ||
| 090 | 0 | 0 |
_aTL 521 _bC812b 1985 |
| 049 | _aGRAL | ||
| 100 | 1 | _aCorn, Joseph J. | |
| 245 | 1 | 3 |
_aLa biblia de la aviación : _bel romance de la humanidad con la aeronáutica, 1900-1950 / _cJoseph J. Corn ; [traducción de Patricia Brown de Cenos]. |
| 260 |
_aMéxico : _bEDAMEX, _cc1985. |
||
| 300 |
_a264 p. : _bill. ; _c20 cm. |
||
| 500 | _aTranslation of: The winged gospel. | ||
| 504 | _aIncludes bibliographical references. | ||
| 650 | 0 |
_aAeronautics _xSocial aspects _zUnited States _xHistory. |
|
| 650 | 7 |
_aAeronáutica _xAspectos sociales _zEstados Unidos _xHistoria. _2bidex |
|
| 942 |
_2lcc _cbk |
||
| 946 | _aclperez | ||
| 994 |
_aC0 _bDRFGD |
||
| 999 |
_c110380 _d110380 |
||